000 00398nam a2200169Ia 4500
003 STCL
008 181203s9999 xx 000 0 und d
020 _a9781118846155
040 _aSTCL
_bEN
_cSTCL
082 _222
100 _aGullan, P.J.
245 4 _aThe Insects: An Outline of Entomology
260 _bWiley Blackwell
_aUK
_c2014
300 _a595
546 _aEnglish
942 _2ddc
_cBK
999 _c86720
_d86720